Fields of Study You Don't Know - Statistics

General Stats
  • This quiz has been taken 35 times
    30 since last reset
  • The average score is 13 of 17
Answer Stats
Picture Hint Answer % Correct
The study of Low Temperatures {Cry}ology
90%
The study of Horses {Hippo}logy
90%
The study of Aging {Cat}achronobiology
87%
The study of Mountains {Oreo}logy
87%
The study of Amphibians {Bat}rachology
83%
The study of All Religions {Pan}theology
83%
The study of Punishment {Pen}ology
83%
The study of Gravity {Bar}ology
80%
The study of Causes of Disease {Nose}tiology
80%
The study of Systems of Writing {Alphabet}ology
77%
The study of Ground Beetles {Car}abidology
77%
The study of Crop Circles {Cereal}ogy
77%
The study of Sin {Ham}artiology
73%
The study of Musical Instruments {Organ}ology
73%
The study of Wealth {Pluto}logy
63%
Systematic view of all branches of human knowledge {Pant}ology
60%
The study of Trash {Garbo}logy
20%
No matching quizzes found
Score Distribution
Percent of People with Each Score
Percentile by Number Answered
Your Score History
You have not taken this quiz since the last reset